[Event "IND-ch Women 2019"]
[Site "Karaikkudi"]
[Date "2019.07.26"]
[Round "10.10"]
[White "Parnali, S Dharia"]
[Black "Ramaswamy, Aarthie"]
[Result "0-1"]
[WhiteElo "2145"]
[BlackElo "2020"]
[Annotator "TA"]
[PlyCount "118"]
[EventDate "2019.07.19"]
[EventType "swiss"]
[EventCountry "IND"]
[SourceTitle "playchess.com"]
[Source "ChessBase"]
[SourceQuality "1"]

{[%evp 22,134,20,20,47,47,53,23,19,27,82,66,74,43,43,7,58,64,96,95,92,80,105,101,132,97,229,232,292,291,290,290,355,356,339,243,240,233,238,195,483,471,507,491,2129,2150,1995,1944,1608,2421,2531,2402,2625,1606,1223,0,0,0,0,0,0,-358,-346,-323,-334,-318,-327,-327,-318,-318,-313,-312,-318,-277,-190,-420,-399,-398,-257,-375,-279,-656,-650,-639,-602,-665,-512,-497,-490,-473,-452,-558,-473,-564,-541,-820,-800,-623,-277,-836,-787,-879,-760,-879,-872,-869,-858,-856,-844,-770,-766,-29978,-12154,-12154,-12154]} 1. d4 Nf6 2. c4 e6 3. g3 d5 4. Bg2 Bb4+ 5. Bd2 Bd6 6. Nf3 c6 7. Qc2 O-O 8. O-O Nbd7 9. Bf4 Bxf4 10. gxf4 Ne4 11. Nbd2 f5 12. e3 Ndf6 {A90: Dutch Defence: Miscellaneous and Modern Stonewall (with ...Bd6)} (12... Nxd2 13. Qxd2 b6 14. cxd5 cxd5 15. Qb4 a5 16. Qa3 b5 17. Rfc1 b4 18. Qb3 Nb6 19. Ne5 Bd7 20. a3 {1-0 (47) Burmakin,V (2520)-Sousa,A (2385) Pontevedra 2017}) 13. b4 Bd7 $146 ({Predecessor:} 13... Nxd2 14. Nxd2 Bd7 15. Nf3 Qe7 16. Ne5 Rfc8 17. c5 Be8 18. a4 a6 {½-½ (44) Hegeler,F (2347)-Laqua,C (2246) Hamburg 2000}) 14. Ne5 Nxd2 {White has an edge.} 15. Qxd2 Ne4 (15... Ng4 $11) 16. Qe2 Be8 17. Rac1 Rf6 18. b5 Rh6 (18... cxb5 $11 19. Bxe4 (19. cxb5 Nd6 $11) 19... fxe4) 19. bxc6 $14 bxc6 20. cxd5 cxd5 21. Qa6 $36 {[%mdl 2048] White has strong initiative.} Nd6 {Black wants to play ...Bb5.} 22. Rc5 Qb6 23. Qa3 Rf6 {[#]} (23... Qd8 $16) 24. Rxd5 $1 $18 {[%mdl 512]} exd5 25. Bxd5+ {[%mdl 64] Double Attack} Nf7 {Hoping for ...Rc8.} 26. Bxa8 Nxe5 27. fxe5 (27. dxe5 Rg6+ 28. Bg2 Qb5 $16) 27... Rg6+ 28. Bg2 Bc6 29. f3 Bd5 30. Kh1 Qb7 $2 {[#]} (30... h6 31. Rc1 Qb7) 31. e4 $1 Ra6 (31... fxe4 32. fxe4) 32. Qc5 fxe4 (32... Bxa2 $142 33. d5 Rb6) 33. fxe4 {[%csl Gc5][%cal Rf1f8]} Bf7 34. d5 {e6 would kill now.} Qb8 35. e6 Bg6 {[#]} 36. e5 $1 h6 (36... Qxe5 37. Rf8#) 37. Qc4 Rb6 38. Be4 $2 (38. d6 $18 Rb4 39. Qc6) 38... Rb4 $11 39. Qxb4 Qxb4 40. Bxg6 {[%mdl 4096] Endgame KQ-KRB} Qc4 {[%cal Rc4f1][%mdl 64] Double Attack} (40... Qb5 $5 41. Rb1 $8 Qxd5+ {[%mdl 64] Double Attack} 42. Kg1 Qc5+ 43. Kg2 Qc6+ 44. Kg3 Qc3+ 45. Kg2 Qxe5 $11) 41. Rd1 $2 {[%mdl 8192] [#]} (41. Rb1 $1 $11 {and White has nothing to worry.} Qxd5+ {[%mdl 64] Double Attack} 42. Kg1 Qxe5 43. e7 $1 {[%mdl 512]} Qg5+ 44. Kh1 Qd5+ {[%mdl 64] Double Attack} 45. Kg1 Qg5+ 46. Kh1 Qd5+ {[%mdl 64] Double Attack} 47. Kg1 Qc5+ 48. Kf1 Qc4+ {[%mdl 64] Double Attack} 49. Kg1 Qg4+ 50. Kf2 Qh4+ 51. Kg2 Qg4+ 52. Kf2 Qf4+ 53. Kg2 Qg5+ 54. Kh1) 41... Qe2 $1 $19 {[%cal Re2d1][%mdl 64] Double Attack} 42. Bf7+ Kh7 ({Weaker is} 42... Kf8 43. Bh5 $17) 43. Rg1 Qf3+ {[%mdl 64] Double Attack} ({Less strong is} 43... Qxe5 44. Bg6+ Kg8 45. Rg4 $17) 44. Rg2 Qd1+ ({Not} 44... Qxd5 45. Bg6+ Kg8 46. e7 $11) 45. Rg1 Qxd5+ {[%mdl 64] Double Attack} 46. Rg2 {intending Bg6+.} Qxe5 47. h3 g5 48. Kg1 $2 (48. Rf2 {only move.}) 48... Kg7 49. Kh1 Kf6 50. Rf2+ (50. Bh5 {was forced.}) 50... Ke7 51. Rg2 $2 (51. Bh5) 51... Qe3 52. Kh2 Qf4+ 53. Rg3 Qf2+ 54. Rg2 Qf3 55. Rg3 Qf4 56. a3 a5 57. Kg2 Qd2+ 58. Kg1 Qe1+ 59. Kh2 Qe2+ {Played: Qe1-e5} 0-1

[Event "IND-ch Women 2019"]
[Site "Karaikkudi"]
[Date "2019.07.26"]
[Round "10.11"]
[White "Swati Ghate"]
[Black "Kiran, Manisha Mohanty"]
[Result "1/2-1/2"]
[WhiteElo "2192"]
[BlackElo "2054"]
[Annotator "TA"]
[PlyCount "107"]
[EventDate "2019.07.19"]
[EventType "swiss"]
[EventCountry "IND"]
[SourceTitle "playchess.com"]
[Source "ChessBase"]
[SourceQuality "1"]

{[%evp 20,107,42,19,42,-29,0,0,26,0,20,22,23,23,37,34,39,35,19,15,0,-72,0,0,0,0,0,0,0,0,13,13,49,52,50,49,53,49,55,54,60,51,62,62,922,912,740,49,138,151,137,155,180,176,196,190,443,451,1258,1204,1280,251,204,0,964,439,434,419,366,245,227,226,196,144,144,144,145,135,164,56,56,54,54,54,54,54,54,0,0,0]} 1. Nf3 Nf6 2. g3 g6 3. Bg2 Bg7 4. O-O O-O 5. d4 d5 6. c4 dxc4 7. Na3 {[%cal Bb1a3,Ba3c4,Bc4e3][%mdl 32]} Nc6 8. Nxc4 Be6 9. b3 Bd5 10. Bb2 a5 11. Ne3 Be4 {D77: Fianchetto Grünfeld: 6 0-0: Replies other than 6...c6} 12. Rc1 (12. a3 $14) (12. a3 Qc8 13. Nc4 Rd8 14. e3 Bd5 15. Rc1 Ne4 16. Qe2 Qe6 17. Ne1 Ng5 18. Nf3 Qg4 19. Ncd2 Nxf3+ 20. Bxf3 Bxf3 21. Qxf3 Qxf3 22. Nxf3 {½-½ (44) Rozum,I (2573)-Sjugirov,S (2654) Khanty-Mansiysk 2018}) 12... a4 13. bxa4 Ra6 14. Qb3 Qa8 15. d5 $146 ({Predecessor:} 15. Ne5 Bxg2 16. Nxg2 Rxa4 17. Nxc6 bxc6 18. a3 Ne4 19. Rfd1 c5 {0-1 (44) Podzielny,K (2405)-Banas,J (2360) Trnava 1984}) 15... Rb6 16. Qa3 $1 ({Wrong is} 16. Qc3 $2 Ne8 $19) 16... Nxd5 17. Bxg7 Kxg7 18. Rc4 Nf6 19. Qc3 {Strongly threatening Rxe4.} Kg8 20. g4 (20. Ng4 $11 Bd5 21. Nxf6+ exf6 22. Rh4) 20... Nd5 (20... Ra6 $17) 21. Qd2 $11 Nxe3 22. Qxe3 Bd5 23. Qh6 $1 {Threatening mate with Ng5!} Bxf3 $1 ({And not} 23... Bxc4 24. Ng5 Re8 25. Qxh7+ Kf8 26. Qh8#) 24. Bxf3 Ne5 (24... Rd8 {feels hotter.} 25. Qe3 Rb2 26. Bxc6 bxc6 27. Qxe7 Re8) 25. Rxc7 Nxf3+ 26. exf3 Qxa4 27. Rxe7 Qxa2 28. Kg2 Qd5 29. Rfe1 {Threatens to win with Re8.} Rf6 30. R1e4 {Black must now prevent Re8.} Qd3 31. Re3 $40 {[%mdl 128] White is up to no good.} Qd5 $2 {[%mdl 8192]} (31... Qb5 $14) 32. Re8 $18 {[%csl Gh6][%cal Re8f8]} Qd6 33. R3e5 $2 (33. R3e7 $18 Qxe7 34. Rxe7) 33... Re6 {[#]} ({Black should play} 33... Qa3 $1 $14 34. Re3 Qb4) 34. R8xe6 $1 $16 fxe6 {[%mdl 4096] Endgame KQR-KQR} 35. Qe3 Re8 {[#]} 36. h4 $1 Qe7 37. h5 gxh5 $2 (37... Qc7 38. Rg5 (38. Rxe6 Rxe6 39. Qxe6+ {[%mdl 64] Double Attack} Kg7 $16) 38... Qf7) 38. Rg5+ $18 Kf8 (38... Kf7 $142 39. Rxh5 Kf8) 39. Qe5 {Intending Qh8+ and mate.} Qf7 40. Qd6+ $2 (40. gxh5 h6 41. Rg6) 40... Qe7 41. Qe5 $2 (41. Qf4+ Qf7 42. Qd6+ Re7 43. Qe5) 41... Qf7 42. Rxh5 (42. gxh5 $142 {Hoping for h6.} h6 43. Rg6) 42... Qg7 {Black hopes to continue with ...Qxe5.} 43. Qf4+ Qf7 44. Qh6+ Kg8 45. Rg5+ Kh8 46. Qh2 ({Better is} 46. Re5 $18) 46... Qf6 $16 47. Rh5 Qg7 48. Re5 Qf6 49. g5 (49. Qh5 $18 Re7 50. Qh2) 49... Qf7 $1 $14 50. Qh4 Rf8 51. Qe4 Qf4 $1 52. Qxf4 Rxf4 53. Kg3 (53. Rxe6 $14 Rf5 54. f4) 53... Rf5 $11 54. Rxe6 {Accuracy: White = 50%, Black = 40%.} 1/2-1/2

[Event "IND-ch Women 2019"]
[Site "Karaikkudi"]
[Date "2019.07.26"]
[Round "10.12"]
[White "Chitlange Sakshi"]
[Black "Saranya, J."]
[Result "1-0"]
[WhiteElo "2168"]
[BlackElo "2067"]
[Annotator "TA"]
[PlyCount "111"]
[EventDate "2019.07.19"]
[EventType "swiss"]
[EventCountry "IND"]
[SourceTitle "playchess.com"]
[Source "ChessBase"]
[SourceQuality "1"]

{[%evp 16,111,26,10,58,60,75,66,72,72,60,69,68,47,100,83,75,48,73,61,77,20,51,35,41,32,31,62,19,17,26,45,49,0,272,0,0,0,0,0,0,-20,-14,-18,-3,-25,-6,-13,-6,-41,0,-17,-12,-161,15,21,11,14,0,0,0,-58,0,-153,100,102,166,166,156,164,152,148,147,157,179,169,520,501,470,430,264,314,1242,1339,1315,1005,1789,1727,1825,1460,29968,29968,29972,6137,29970,29968,5704,4846]} 1. d4 Nf6 2. c4 e6 3. g3 d5 4. Nf3 Be7 5. Bg2 O-O 6. O-O b6 7. Nc3 Bb7 8. Ne5 Nbd7 9. Qa4 Nb8 {E18: Queen's Indian: Old Main Line (4 g3 Bb7 5 Bg2 Be7 6 0-0 0-0 7 Nc3)} (9... c6 $5) (9... c6 10. Rd1 Nxe5 11. dxe5 Nd7 12. cxd5 cxd5 13. e4 Nc5 14. Qc2 d4 15. Nb5 d3 16. Qc4 Ba6 17. a4 Qd7 18. Bf1 {1-0 (91) Benidze,D (2468)-Adly,A (2601) Kahramanmaras 2016}) 10. Rd1 Qc8 11. cxd5 Nxd5 {White is slightly better.} 12. e4 Nxc3 13. bxc3 Rd8 $146 ({Predecessor:} 13... c6 14. c4 Rd8 15. Bb2 Nd7 16. Ng4 Nf6 17. Ne3 {½-½ (56) Hu,K-Wang,J China 1987}) 14. Be3 a6 (14... Bf6 $14) 15. Rab1 b5 16. Qb3 Nc6 17. Nxc6 $1 Bxc6 18. d5 (18. Qc2 $16) 18... Be8 19. c4 bxc4 20. Qxc4 Bb5 21. Qc2 exd5 22. exd5 Bd6 23. Be4 h6 24. Bd4 Rb8 $2 {[%mdl 8192] [#]} (24... Qg4 $11) 25. Qc3 $2 (25. Bh7+ $1 $18 Kh8 26. Bf5) 25... Qg4 $36 {[%mdl 2048] Black has good play.} 26. Bf3 Qg6 27. Rb2 Bd7 28. Be2 Rxb2 29. Qxb2 Bg4 30. f3 Bc8 31. Bd3 Qg5 32. Kg2 h5 33. Bf2 h4 {Black wants to play ...Qh5.} 34. Bb1 {[#]} (34. Qd4 $11) 34... Qh6 $2 ({Much less strong is} 34... hxg3 35. hxg3 Qh5 36. Rh1 $15) (34... Qh5 $1 $19 35. Qc2 hxg3 36. Bxg3 Bxg3 37. hxg3 Qh3+ 38. Kg1 Qxg3+ {[%mdl 64] Double Attack} 39. Qg2 Qh4) 35. gxh4 Re8 36. Bg3 Bd7 37. Qd2 Qf6 38. h5 (38. Be4 $11) 38... a5 (38... Rb8 $15 39. Qe3 Qb2+ 40. Kh1 Re8) 39. Qd3 $2 ({Better is} 39. Be4 $11) 39... g6 $2 (39... Qh6 $17 {keeps the pressure on.} 40. Qc2 Qxh5) 40. hxg6 $16 fxg6 (40... Kf8 $16 {is a better defense.}) 41. Bxd6 $18 ({Weaker is} 41. Qxg6+ Qxg6 42. Bxg6 Re2+ 43. Kh1 Rxa2 $11) 41... cxd6 42. Qxg6+ Qxg6+ 43. Bxg6 $16 {[%mdl 4096] Endgame KRB-KRB} Re2+ 44. Kg3 Rxa2 45. Rc1 Bb5 $2 (45... Kg7 {is more resistant.}) 46. h4 $18 Rd2 47. Rc7 Bd3 48. Be4 Bxe4 $2 (48... a4 49. Ra7 Bc4 50. Rxa4 Bxd5 51. Bxd5+ Rxd5) 49. fxe4 {KR-KR} Re2 50. Kf4 Rh2 51. Kg5 Rg2+ 52. Kf5 Rf2+ 53. Ke6 Rf4 54. Rc4 (54. e5 $142 dxe5 55. d6 Rxh4 56. Rc8+ Kg7 57. d7 Rd4 58. d8=Q Rxd8 59. Rxd8) 54... Rxh4 55. Kxd6 Rh6+ 56. Kc5 {Accuracy: White = 48%, Black = 34%.} 1-0

[Event "IND-ch Women 2019"]
[Site "Karaikkudi"]
[Date "2019.07.26"]
[Round "10.13"]
[White "Thipsay, Bagyashree Sathe"]
[Black "Bakshi, Rutuja"]
[Result "1/2-1/2"]
[WhiteElo "2093"]
[BlackElo "1958"]
[Annotator "NA RC"]
[PlyCount "117"]
[EventDate "2019.07.19"]
[EventType "swiss"]
[EventCountry "IND"]
[SourceTitle "playchess.com"]
[Source "ChessBase"]
[SourceQuality "1"]
[TimeControl "40/5400+30:1800+30"]

1. e4 {[%emt 0:00:00]} e6 {[%emt 0:00:00]} 2. d4 {[%emt 0:00:00]} d5 {[%emt 0:00:00]} 3. e5 {[%emt 0:00:00]} c5 {[%emt 0:00:00]} 4. c3 {[%emt 0:00:00]} Qb6 {[%emt 0:00:00]} 5. Nf3 {[%emt 0:00:01]} Bd7 {[%emt 0:00:00]} 6. Bd3 {[%emt 0:00:26]} Bb5 {[%emt 0:00:45]} 7. dxc5 {[%emt 0:00:26]} Bxc5 {[%emt 0:02:53]} 8. b4 {[%emt 0:00:25]} Bxd3 {[%emt 0:08:22]} 9. Qxd3 {[%emt 0:01:53]} Bf8 {[%emt 0:02:46]} 10. O-O {[%emt 0:00:43]} Ne7 {[%emt 0:01:26]} 11. Na3 {[%emt 0:01:21]} Nbc6 $11 {[%emt 0:09:32]} 12. Nb5 {[%emt 0:09:12]} Nf5 {[%emt 0:04:54]} 13. Bf4 {[%emt 0:35:31]} a6 {[%emt 0:10:02]} 14. Nd6+ {[%emt 0:00:32]} Nxd6 {[%emt 0:04:44]} 15. exd6 {[%emt 0:00:03]} Qd8 {[%emt 0:02:05]} 16. Rfe1 {[%emt 0:04:47]} Bxd6 {[%emt 0:05:52]} 17. Bxd6 {[%emt 0:09:36]} Qxd6 {[%emt 0:00:02]} 18. Ng5 {[%emt 0:04:14]} h6 {[%emt 0:10:45]} 19. Ne4 {[%emt 0:00:09]} Qc7 {[%emt 0:02:01]} 20. Ng3 {[%emt 0:01:24]} O-O {[%emt 0:05:17]} 21. Nh5 {[%emt 0:00:30]} g6 {[%emt 0:08:18]} 22. Ng3 {[%emt 0:07:14]} Qf4 {[%emt 0:05:09]} 23. Re3 {[%emt 0:02:38]} Ne5 {[%emt 0:02:22]} 24. Qe2 {[%emt 0:02:52]} Nc4 {[%emt 0:01:16]} 25. Rd3 {[%emt 0:02:29]} b5 {[%emt 0:06:52]} 26. Rd4 {[%emt 0:01:42]} Qe5 {[%emt 0:01:08]} 27. Qf1 {[%emt 0:03:17]} a5 {[%emt 0:00:25]} 28. a3 {[%emt 0:03:35]} axb4 {[%emt 0:00:56]} 29. axb4 {[%emt 0:00:02]} Rxa1 {[%emt 0:01:59]} 30. Qxa1 {[%emt 0:00:02]} Kg7 {[%emt 0:01:59]} 31. h3 {[%emt 0:00:34]} Nd6 {[%emt 0:01:06]} 32. Rd3 {[%emt 0:01:33]} Nc4 {[%emt 0:01:15]} 33. Kf1 {[%emt 0:02:03]} Qc7 {[%emt 0:01:14]} 34. Ne2 {[%emt 0:00:25]} Qb8 {[%emt 0:00:52]} 35. g3 {[%emt 0:00:59]} Qb7 {[%emt 0:00:16]} 36. Nd4 {[%emt 0:00:37]} Ra8 {[%emt 0:00:38]} 37. Qc1 {[%emt 0:00:20]} Ra2 {[%emt 0:00:34]} 38. Kg1 {[%emt 0:00:26]} Qa8 {[%emt 0:00:28]} 39. Rd1 {[%emt 0:00:23]} Qa4 {[%emt 0:00:20]} 40. Qb1 {[%emt 0:00:00]} e5 {[%emt 0:00:00]} 41. Nc6 {[%emt 0:09:58]} Rb2 {[%emt 0:03:04]} 42. Qd3 {[%emt 0:00:28]} d4 {[%emt 0:07:33]} 43. Re1 {[%emt 0:04:26]} Qa2 {[%emt 0:11:09]} 44. cxd4 {[%emt 0:02:37]} Rxf2 {[%emt 0:02:26]} 45. Qe4 {[%emt 0:00:27]} Rf5 {[%emt 0:04:26]} 46. Qg2 {[%emt 0:04:35]} Qxg2+ {[%emt 0:02:56]} 47. Kxg2 {[%emt 0:00:01]} exd4 {[%emt 0:00:15]} 48. Nxd4 {[%emt 0:00:02]} Rd5 {[%emt 0:00:08]} 49. Nb3 {[%emt 0:02:35]} Rd3 {[%emt 0:00:28]} 50. Nc5 {[%emt 0:00:23]} Rd2+ {[%emt 0:00:08]} 51. Kf3 {[%emt 0:00:01]} Rb2 {[%emt 0:00:22]} 52. Nd3 {[%emt 0:00:06]} Rb3 {[%emt 0:00:18]} 53. Ke4 {[%emt 0:00:20]} Nd6+ {[%emt 0:00:42]} 54. Ke3 {[%emt 0:00:51]} Kf6 {[%emt 0:02:33]} 55. g4 {[%emt 0:00:13]} Kg5 {[%emt 0:01:03]} 56. Kd4 {[%emt 0:00:13]} h5 {[%emt 0:00:26]} 57. Re5+ {[%emt 0:00:31]} Kf6 {[%emt 0:00:37]} 58. g5+ {[%emt 0:01:15]} Kg7 {[%emt 0:00:06]} 59. Rd5 {[%emt 0:00:04]} 1/2-1/2

[Event "IND-ch Women 2019"]
[Site "Karaikkudi"]
[Date "2019.07.26"]
[Round "10.14"]
[White "Meghna, C H"]
[Black "Harshita Guddanti"]
[Result "0-1"]
[WhiteElo "1903"]
[BlackElo "2078"]
[Annotator "NA RC"]
[PlyCount "132"]
[EventDate "2019.07.19"]
[EventType "swiss"]
[EventCountry "IND"]
[SourceTitle "playchess.com"]
[Source "ChessBase"]
[SourceQuality "1"]
[TimeControl "40/5400+30:1800+30"]

1. e4 {[%emt 0:00:00]} e5 {[%emt 0:00:10]} 2. Nf3 {[%emt 0:00:00]} Nc6 {[%emt 0:00:19]} 3. Bc4 {[%emt 0:00:00]} Nf6 {[%emt 0:01:06]} 4. d3 {[%emt 0:00:04]} Bc5 {[%emt 0:00:49]} 5. c3 {[%emt 0:00:22]} a6 {[%emt 0:00:53]} 6. Bb3 {[%emt 0:01:07]} Ba7 {[%emt 0:01:22]} 7. h3 {[%emt 0:00:41]} d6 {[%emt 0:01:43]} 8. Nbd2 {[%emt 0:00:43]} h6 {[%emt 0:07:13]} 9. Nf1 {[%emt 0:03:22]} Ne7 {[%emt 0:01:44]} 10. Ng3 {[%emt 0:01:26]} c6 {[%emt 0:09:06]} 11. d4 {[%emt 0:07:16]} Qc7 {[%emt 0:02:33]} 12. Be3 {[%emt 0:07:00]} O-O {[%emt 0:08:16]} 13. O-O {[%emt 0:00:38]} Ng6 {[%emt 0:10:02]} 14. Qd2 {[%emt 0:12:58]} Kh7 {[%emt 0:10:06]} 15. Bc2 {[%emt 0:08:48]} Re8 {[%emt 0:09:25]} 16. Rfe1 {[%emt 0:03:50]} Bd7 $16 {[%emt 0:07:34]} 17. Nf5 {[%emt 0:07:44]} Ng8 {[%emt 0:09:32]} 18. Rad1 {[%emt 0:11:04]} Red8 {[%emt 0:04:41]} 19. g4 {[%emt 0:07:41]} f6 {[%emt 0:03:59]} 20. Ng3 {[%emt 0:10:49]} c5 {[%emt 0:03:02]} 21. d5 {[%emt 0:04:30]} c4 {[%emt 0:00:47]} 22. Kh2 {[%emt 0:02:11]} b5 {[%emt 0:01:03]} 23. Rg1 {[%emt 0:01:10]} Bxe3 {[%emt 0:01:42]} 24. fxe3 {[%emt 0:02:05]} a5 {[%emt 0:00:33]} 25. Nh5 {[%emt 0:07:01]} Be8 {[%emt 0:01:45]} 26. h4 {[%emt 0:00:00]} b4 {[%emt 0:01:20]} 27. Rg2 {[%emt 0:00:00]} bxc3 {[%emt 0:00:21]} 28. Qxc3 {[%emt 0:00:00]} a4 {[%emt 0:01:13]} 29. a3 {[%emt 0:00:00]} Rdc8 {[%emt 0:00:49]} 30. Ng3 {[%emt 0:00:08]} Qa5 {[%emt 0:00:32]} 31. Nf5 {[%emt 0:01:25]} Qxc3 {[%emt 0:00:53]} 32. bxc3 {[%emt 0:00:01]} Ra6 {[%emt 0:00:35]} 33. Rb1 {[%emt 0:00:11]} Nf8 {[%emt 0:00:34]} 34. Bd1 {[%emt 0:00:53]} Nd7 {[%emt 0:00:26]} 35. Rb4 {[%emt 0:01:17]} g6 {[%emt 0:00:23]} 36. Ng3 {[%emt 0:00:07]} Nc5 {[%emt 0:00:41]} 37. Rxc4 {[%emt 0:00:39]} Bd7 {[%emt 0:00:03]} 38. Ne1 {[%emt 0:00:39]} Ne7 {[%emt 0:01:03]} 39. Rb2 {[%emt 0:00:18]} Kg7 {[%emt 0:00:17]} 40. Bc2 {[%emt 0:00:00]} Kf7 {[%emt 0:00:00]} 41. Bd1 {[%emt 0:02:01]} Nd3 {[%emt 0:13:16]} 42. Rxc8 {[%emt 0:03:24]} Nxb2 {[%emt 0:00:06]} 43. Rc7 {[%emt 0:00:21]} Nxd1 {[%emt 0:01:43]} 44. Rxd7 {[%emt 0:00:02]} Nxe3 {[%emt 0:00:25]} 45. Nd3 {[%emt 0:06:42]} Ke8 {[%emt 0:04:35]} 46. Rb7 {[%emt 0:00:49]} Nxg4+ {[%emt 0:02:56]} 47. Kh3 {[%emt 0:00:59]} Ne3 {[%emt 0:02:22]} 48. h5 {[%emt 0:05:09]} g5 {[%emt 0:04:57]} 49. Rb8+ {[%emt 0:04:55]} Kf7 {[%emt 0:01:11]} 50. Nb4 {[%emt 0:06:11]} Ra7 {[%emt 0:00:12]} 51. Nc6 {[%emt 0:00:18]} Nxc6 {[%emt 0:01:57]} 52. dxc6 {[%emt 0:00:01]} Ke6 {[%emt 0:00:52]} 53. Rh8 {[%emt 0:03:43]} Rc7 {[%emt 0:01:09]} 54. Rxh6 {[%emt 0:01:48]} Rxc6 {[%emt 0:00:03]} 55. Rh7 {[%emt 0:00:28]} Rxc3 {[%emt 0:00:28]} 56. h6 {[%emt 0:00:09]} Nf1 {[%emt 0:01:41]} 57. Kg2 {[%emt 0:00:38]} Nxg3 {[%emt 0:01:17]} 58. Rg7 {[%emt 0:00:05]} Ne2 {[%emt 0:00:14]} 59. h7 {[%emt 0:02:25]} Nf4+ {[%emt 0:00:04]} 60. Kf2 {[%emt 0:00:04]} Rh3 {[%emt 0:00:04]} 61. Ra7 {[%emt 0:01:07]} f5 {[%emt 0:00:42]} 62. exf5+ {[%emt 0:00:29]} Kxf5 {[%emt 0:00:03]} 63. Rxa4 {[%emt 0:00:14]} Rxh7 {[%emt 0:00:07]} 64. Ra8 {[%emt 0:00:02]} Rh2+ {[%emt 0:00:50]} 65. Kf1 {[%emt 0:00:10]} Ra2 {[%emt 0:00:18]} 66. a4 {[%emt 0:00:13]} g4 {[%emt 0:00:12]} 0-1

[Event "IND-ch Women 2019"]
[Site "Karaikkudi"]
[Date "2019.07.26"]
[Round "10.16"]
[White "Singh, Neha"]
[Black "Saranya, J."]
[Result "1-0"]
[WhiteElo "1809"]
[BlackElo "2067"]
[Annotator "NA RC"]
[PlyCount "167"]
[EventDate "2019.07.19"]
[EventType "swiss"]
[EventCountry "IND"]
[SourceTitle "playchess.com"]
[Source "ChessBase"]
[SourceQuality "1"]
[TimeControl "40/5400+30:1800+30"]

1. d4 {[%emt 0:00:00]} Nf6 {[%emt 0:00:00]} 2. c4 {[%emt 0:00:00]} g6 {[%emt 0:00:00]} 3. Nc3 {[%emt 0:00:00]} Bg7 {[%emt 0:00:00]} 4. e4 {[%emt 0:00:00]} d6 {[%emt 1:32:00]} 5. Nf3 {[%emt 0:00:13]} O-O {[%emt 0:00:00]} 6. Be2 {[%emt 0:00:06]} c5 {[%emt 0:00:00]} 7. O-O {[%emt 0:00:54]} cxd4 {[%emt 0:00:00]} 8. Nxd4 {[%emt 0:00:06]} Nc6 {[%emt 0:00:00]} 9. Nc2 {[%emt 0:01:41]} Be6 {[%emt 0:00:00]} 10. Rb1 {[%emt 0:03:12]} Rc8 {[%emt 0:00:00]} 11. Ne3 {[%emt 0:01:03]} a6 {[%emt 0:03:30]} 12. Ned5 {[%emt 0:09:26]} Bxd5 $11 {[%emt 0:00:00]} 13. cxd5 {[%emt 0:02:44]} Na5 {[%emt 0:00:00]} 14. Be3 {[%emt 0:02:01]} b5 {[%emt 0:00:00]} 15. Bd4 {[%emt 0:02:45]} Nc4 {[%emt 0:00:00]} 16. b3 {[%emt 0:18:00]} Na3 {[%emt 0:00:00]} 17. Rb2 {[%emt 0:02:43]} Qa5 {[%emt 0:00:00]} 18. Qd3 {[%emt 0:02:46]} Nd7 {[%emt 0:00:00]} 19. Bxg7 {[%emt 0:05:52]} Kxg7 {[%emt 0:00:00]} 20. Qd4+ {[%emt 0:03:39]} Kg8 {[%emt 0:00:00]} 21. Nd1 {[%emt 0:02:47]} Nc2 {[%emt 0:00:00]} 22. Qd3 {[%emt 0:01:09]} Ne5 {[%emt 0:00:00]} 23. Qg3 {[%emt 0:02:58]} Qd2 {[%emt 0:00:00]} 24. Bg4 {[%emt 0:00:42]} Nxg4 {[%emt 0:00:00]} 25. Qxg4 {[%emt 0:00:13]} Rc7 {[%emt 0:00:00]} 26. Qf3 {[%emt 0:02:40]} Rfc8 {[%emt 0:00:00]} 27. Ne3 {[%emt 0:05:09]} Qd4 {[%emt 0:00:00]} 28. Rbb1 {[%emt 0:06:28]} Rc3 {[%emt 0:00:00]} 29. Nxc2 {[%emt 0:01:44]} Rxc2 {[%emt 0:00:00]} 30. Rbd1 {[%emt 0:04:34]} Qb4 {[%emt 0:00:00]} 31. Ra1 {[%emt 0:02:56]} R8c3 {[%emt 0:00:00]} 32. Qf4 {[%emt 0:01:22]} Re2 {[%emt 0:00:00]} 33. Rac1 {[%emt 0:05:49]} Rxa2 {[%emt 0:00:00]} 34. h4 {[%emt 0:01:25]} Qxb3 {[%emt 0:00:00]} 35. h5 {[%emt 0:02:56]} Qc4 {[%emt 0:00:00]} 36. Qg5 {[%emt 0:01:01]} f6 {[%emt 0:00:00]} 37. Qf4 {[%emt 0:01:00]} g5 {[%emt 0:00:00]} 38. Rxc3 {[%emt 0:00:05]} Qxc3 {[%emt 0:00:00]} 39. Qg4 {[%emt 0:01:14]} Rc2 {[%emt 0:00:00]} 40. Qd7 {[%emt 0:00:00]} Qe5 {[%emt 0:00:00]} 41. Qe8+ {[%emt 0:02:42]} Kg7 {[%emt 0:05:44]} 42. h6+ {[%emt 0:00:33]} Kxh6 {[%emt 0:01:41]} 43. Qf8+ {[%emt 0:00:03]} Kg6 {[%emt 0:03:37]} 44. Qg8+ {[%emt 0:00:04]} Kh6 {[%emt 0:00:04]} 45. Qf8+ {[%emt 0:00:06]} Kh5 {[%emt 0:01:03]} 46. Qf7+ {[%emt 0:00:03]} Kg4 {[%emt 0:11:34]} 47. Qxh7 {[%emt 0:00:24]} Kf4 {[%emt 0:00:15]} 48. Re1 {[%emt 0:14:16]} g4 {[%emt 0:00:15]} 49. g3+ {[%emt 0:03:13]} Kg5 {[%emt 0:00:08]} 50. Qg7+ {[%emt 0:00:06]} Kh5 {[%emt 0:00:05]} 51. Kg2 {[%emt 0:04:25]} Rxf2+ {[%emt 0:00:16]} 52. Kxf2 {[%emt 0:00:03]} Qd4+ {[%emt 0:00:40]} 53. Re3 {[%emt 0:02:41]} b4 {[%emt 0:01:30]} 54. Qh7+ {[%emt 0:03:06]} Kg5 {[%emt 0:00:02]} 55. Qh4+ {[%emt 0:00:42]} Kg6 {[%emt 0:00:02]} 56. Qxg4+ {[%emt 0:00:02]} Kh6 {[%emt 0:00:10]} 57. Qh4+ {[%emt 0:01:54]} Kg7 {[%emt 0:00:15]} 58. Qg4+ {[%emt 0:00:02]} Kh6 {[%emt 0:00:08]} 59. Qc8 {[%emt 0:03:05]} a5 {[%emt 0:00:40]} 60. Qc2 {[%emt 0:00:27]} Kg5 {[%emt 0:02:15]} 61. Ke2 {[%emt 0:00:52]} Qa7 {[%emt 0:01:04]} 62. Rf3 {[%emt 0:00:35]} Kh6 {[%emt 0:00:36]} 63. g4 {[%emt 0:00:43]} Qg1 {[%emt 0:01:58]} 64. Kd3 {[%emt 0:02:04]} Kg6 {[%emt 0:04:11]} 65. Qf2 {[%emt 0:03:21]} Qd1+ {[%emt 0:02:09]} 66. Kc4 {[%emt 0:00:34]} Qb1 {[%emt 0:00:48]} 67. Re3 {[%emt 0:01:17]} a4 {[%emt 0:00:30]} 68. e5 {[%emt 0:01:29]} dxe5 {[%emt 0:16:50]} 69. Qf5+ {[%emt 0:00:19]} Qxf5 {[%emt 0:00:00]} 70. gxf5+ {[%emt 0:00:01]} Kxf5 {[%emt 0:00:00]} 71. Kxb4 {[%emt 0:00:08]} e4 {[%emt 0:00:00]} 72. Kc5 {[%emt 0:00:02]} Ke5 {[%emt 0:00:00]} 73. Rh3 {[%emt 0:00:27]} Kf4 {[%emt 0:00:00]} 74. Rh7 {[%emt 0:00:17]} a3 {[%emt 0:00:00]} 75. Rh2 {[%emt 0:01:12]} e3 {[%emt 0:00:00]} 76. Kd4 {[%emt 0:00:05]} f5 {[%emt 0:00:00]} 77. Re2 {[%emt 0:01:39]} a2 {[%emt 0:00:00]} 78. Rxa2 {[%emt 0:00:02]} Kf3 {[%emt 0:00:00]} 79. Ke5 {[%emt 0:00:24]} e2 {[%emt 0:00:00]} 80. Ra3+ {[%emt 0:00:45]} Kf2 {[%emt 0:00:00]} 81. Ra1 {[%emt 0:00:11]} f4 {[%emt 0:00:00]} 82. Kxf4 {[%emt 0:00:02]} e1=Q {[%emt 0:00:00]} 83. Rxe1 {[%emt 0:00:08]} Kxe1 {[%emt 0:00:00]} 84. Ke5 {[%emt 0:00:02]} 1-0